|
|
|
|
| LEADER |
01008nam a22003012a 4500 |
| 001 |
001649505 |
| 003 |
CZ BrMZK |
| 005 |
20181122103831.0 |
| 007 |
ta |
| 008 |
181002s1962 xo erf||||||||||slo d |
| 040 |
|
|
|a BOA001
|b cze
|e aacr2
|
| 072 |
|
7 |
|a 636.09
|x Veterinární lékařství
|2 Konspekt
|9 24
|
| 080 |
|
|
|a 636.2
|2 MRF
|
| 080 |
|
|
|a 636.09
|2 MRF
|
| 080 |
|
|
|a (035)
|2 MRF
|
| 100 |
1 |
|
|a Torda, Martin
|7 jx20050726079
|4 aut
|
| 245 |
1 |
0 |
|a Ozdravovanie velkochovov hovädzieho dobytka od TBC /
|c Martin Torda
|
| 260 |
|
|
|a Bratislava :
|b Pôdohospodárske vydavateľstvo,
|c 1962
|
| 300 |
|
|
|a 22 s.
|
| 490 |
1 |
|
|a Pôdohospodárske aktuality ;
|v zv. 8
|
| 650 |
0 |
7 |
|a skot
|7 ph116163
|2 czenas
|
| 650 |
0 |
7 |
|a nemoci hospodářských zvířat
|7 ph136502
|2 czenas
|
| 655 |
|
7 |
|a příručky
|7 fd133209
|2 czenas
|
| 830 |
|
0 |
|a Pôdohospodárske aktuality
|
| 910 |
|
|
|a BOA001
|b X-0474.702
|
| 990 |
|
|
|a BK
|
| 991 |
|
|
|b 201810
|
| 996 |
7 |
|
|b 2618956709
|c X-0474.702
|l MZK
|r Sklad / do 24 hodin
|n 0
|w 001688405
|u 000010
|a 1
|e BOA001
|j MZK50
|s A
|